| 000 -LEADER |
| fixed length control field |
00537cam a22001694a 4500 |
| 020 ## - INTERNATIONAL STANDARD BOOK NUMBER |
| ISBN |
9780415894791 (hardback : alk. paper) |
| 020 ## - INTERNATIONAL STANDARD BOOK NUMBER |
| ISBN |
0415894794 (hardback : alk. paper) |
| 020 ## - INTERNATIONAL STANDARD BOOK NUMBER |
| ISBN |
9780415894807 (pbk. : alk. paper) |
| 020 ## - INTERNATIONAL STANDARD BOOK NUMBER |
| ISBN |
0415894808 (pbk. : alk. paper) |
| 040 ## - CATALOGING SOURCE |
| Transcribing agency |
DLC |
| 082 00 - DEWEY DECIMAL CLASSIFICATION NUMBER |
| Classification number |
720 IRR 1978 C166 Or. |
| 100 1# - MAIN ENTRY--AUTHOR NAME |
| Personal name |
Sarkisian, Mark P |
| 245 10 - TITLE STATEMENT |
| Title |
Designing tall buildings : |
| Remainder of title |
structure as architecture / |
| 300 ## - PHYSICAL DESCRIPTION |
| Number of Pages |
xii, 208 pages : |
| Other physical details |
illustrations, maps ; |
| Dimensions |
24 cm |
| 650 #0 - SUBJECT ADDED ENTRY--TOPICAL TERM |
| Topical Term |
Tall buildings |
| 942 ## - ADDED ENTRY ELEMENTS (KOHA) |
| Koha item type |
ADB |
| 952 ## - LOCATION AND ITEM INFORMATION (KOHA) |
| Withdrawn status [LOCAL, KOHA] |
0 |